| 000 | 00794nam a2200253 a 4500 | ||
|---|---|---|---|
| 001 | 15829 | ||
| 003 | BD-RjUL | ||
| 005 | 20211208235908.0 | ||
| 008 | 140211s1981 ii b 000 0 eng d | ||
| 035 | _a(BD-RjUL)15884 | ||
| 040 |
_aDLC _cDLC _dDLC _dBD-RjUL _beng |
||
| 041 | _aeng | ||
| 082 | 0 | 0 |
_a658.3 _219 _bMAN 1981 |
| 245 | 0 | 0 |
_aManagement of decentralised sector : _bcase of handlooms / _cRakesh Khurana ... [et al.]. |
| 260 |
_aNew Delhi : _bOxford & IBH, _cc1981 |
||
| 300 |
_aix, 525 p. ; _c22 cm. |
||
| 504 | _aBibliography: p. 32. | ||
| 650 | 0 |
_aHandloom industry _zIndia _xManagement. _949094 |
|
| 650 | 0 |
_aCottage industries _zIndia _xManagement. _949095 |
|
| 700 | 1 |
_aKhurana, Rakesh, _d1948- _949096 |
|
| 942 |
_2ddc _cBK |
||
| 999 |
_c15829 _d15829 |
||